Grundwissen Politik: Bundespräsidenten - Sudden Death - Statistiken

Allgemein
  • Dieses Quiz wurde 997 mal gespielt
    243 seit der letzten Aktualisierung
  • Das Durchschnittsergebnis liegt bei 5 aus 12
Answers on the Grid
Answers color-coded by a green-red scale on the quiz's grid according to % correct below.
Theodor Heuss
Karl Carstens
Walter Scheel
Heinrich Lübke
Roman Herzog
Horst Köhler
Frank-Walter Steinmeier
Richard von Weizsäcker
Johannes Rau
Rudolf Scharping
Christian Wulff
Gustav Heinemann
Joachim Gauck
Gesine Schwan
Wolfgang Schäuble
Kurt Schumacher
Kurt-Georg Kiesinger
Ludwig Erhard
Ernst Reuter
Peter Frankenfeld
Thomas Gottschalk
Angela Merkel
Walter Lübke
Willi Stoph
Willy Brandt
Walter Ulbricht
Erich Köhler
Rita Süssmuth
Richard Stücklen
Hans-Dietrich Genscher
Carl-Friedrich von Weizsäcker
Helmut Schön
Franz Müntefering
Olaf Schubert
Sebastian Kurz
Helmut Schmidt
Rainer Barzel
Alexander Hold
Kai-Uwe von Hassel
Manfred Wörner
Gerhard Stoltenberg
Peter Struck
Hans Eichel
Georg-August Zinn
 
Antwortstatistiken
Antwort % Korrekt
Frank-Walter Steinmeier
61%
Joachim Gauck
53%
Christian Wulff
52%
Theodor Heuss
52%
Johannes Rau
45%
Richard von Weizsäcker
45%
Horst Köhler
42%
Walter Scheel
40%
Roman Herzog
39%
Gustav Heinemann
37%
Karl Carstens
30%
Heinrich Lübke
26%
Keine übereinstimmenden Quizze gefunden
Verteilung der Resultate
Anzahl Personen mit jedem Resultat
Perzentil nach korrekt beantworteten Fragen
Ihre Resultats-Entwicklung
Sie haben dieses Quiz seit der letzten Aktualisierung nicht gespielt